Statistiken für Pokémon-Fähigkeiten (Gen 1-9)

Klicken Sie hier um das Quiz zu spielen!

Allgemein

  • Dieses Quiz wurde 15 mal gespielt
  • Das Durchschnittsergebnis liegt bei 30 aus 310

Antwortstatistiken

#Antwort% Korrekt
026Schwebe
83%
022Bedroher
58%
070Dürre
58%
002Niesel
58%
011H2O-Absorber
50%
065Notdünger
50%
005Robustheit
50%
067Sturzbach
50%
115Eishaut
42%
046Erzwinger
42%
038Giftdorn
42%
039Konzentrator
42%
045Sandsturm
42%
047Speckschicht
42%
009Statik
42%
051Adlerauge
33%
062Adrenalin
33%
050Angsthase
33%
031Blitzfänger
33%
032Edelmut
33%
018Feuerfänger
33%
049Flammkörper
33%
066Großbrand
33%
015Insomnia
33%
125Rohe Gewalt
33%
003Temposchub
33%
033Wassertempo
33%
092Wertelink
33%
123Alptraum
25%
034Chlorophyll
25%
089Eisenfaust
25%
160Eisenstachel
25%
229Gras-Erzeuger
25%
040Magmapanzer
25%
053Mitnahme
25%
072Munterkeit
25%
029Neutraltorso
25%
024Rauhaut
25%
099Schildlos
25%
128Siegeswille
25%
069Steinhaupt
25%
158Strolch
25%
173Titankiefer
25%
157Vegetarier
25%
010Voltabsorber
25%
168Wandlungskunst
25%
091Anpassung
17%
110Aufwertung
17%
144Belebekraft
17%
133Bruchrüstung
17%
056Charmebolzen
17%
012Dösigkeit
17%
226Elektro-Erzeuger
17%
190Endland
17%
014Facettenauge
17%
182Feenschicht
17%
169Fellkleid
17%
080Felsenfest
17%
106Finalschlag
17%
295Giftbelag
17%
090Giftheilung
17%
137Giftwahn
17%
289Hadronen-Motor
17%
093Hydration
17%
209Kostümspuk
17%
037Kraftkoloss
17%
181Krallenwucht
17%
043Lärmschutz
17%
236Libero
17%
098Magieschild
17%
058Minus
17%
136Multischuppe
17%
228Nebel-Erzeuger
17%
063Notschutz
17%
177Orkanschwingen
17%
057Plus
17%
227Psycho-Erzeuger
17%
095Rasanz
17%
044Regengenuss
17%
146Sandscharrer
17%
054Schnarchnase
17%
151Schwebedurch
17%
097Superschütz
17%
028Synchro
17%
130Tastfluch
17%
101Techniker
17%
126Umkehrung
17%
172Unbeugsamkeit
17%
189Urmeer
17%
192Zähigkeit
17%
120Achtlos
8%
127Anspannung
8%
041Aquahülle
8%
188Aura-Umkehr
8%
071Ausweglos
8%
224Bestien-Boost
8%
297Bodenschmaus
8%
191Delta-Wind
8%
150Doppelgänger
8%
186Dunkelaura
8%
036Erfassen
8%
061Expidermis
8%
016Farbwechsel
8%
187Feenaura
8%
116Felskern
8%
111Filter
8%
210Freundschaftsakt
8%
105Glückspilz
8%
283Goldkörper
8%
205Heilwandel
8%
068Hexaplaga
8%
085Hitzeschutz
8%
153Hochmut
8%
017Immunität
8%
030Innere Kraft
8%
060Klebekörper
8%
076Klimaschutz
8%
064Kloakensoße
8%
171Kugelsicher
8%
124Langfinger
8%
135Leichtmetall
8%
156Magiespiegel
8%
230Metallprotektor
8%
288Orichalkum-Puls
8%
281Paläosynthese
8%
232Prismarüstung
8%
059Prognose
8%
019Puderabwehr
8%
282Quantenantrieb
8%
113Rauflust
8%
256Reaktionsgas
8%
154Redlichkeit
8%
139Reiche Ernte
8%
079Rivalität
8%
159Sandgewalt
8%
008Sandschleier
8%
245Sandspeier
8%
112Saumselig
8%
202Schneescharrer
8%
117Schneeschauer
8%
259Schnellschuss
8%
134Schwermetall
8%
094Solarkraft
8%
114Sturmsog
8%
176Taktikwechsel
8%
140Telepathie
8%
164Teravolt
8%
307Tera-Wandel
8%
270Thermowandel
8%
103Tollpatsch
8%
149Trugbild
8%
163Turbobrand
8%
104Überbrückung
8%
287Unheilsjuwelen
8%
285Unheilsschwert
8%
286Unheilstafeln
8%
109Unkenntnis
8%
121Variabilität
8%
082Völlerei
8%
086Wankelmut
8%
199Wasserblase
8%
013Wolke Sieben
8%
025Wunderwache
8%
170Zauberer
8%
184Zenithaut
8%
255Affenfokus
0%
225Alpha-System
0%
148Analyse
0%
237Apport
0%
167Backentaschen
0%
217Batterie
0%
198Beschattung
0%
166Blütenhülle
0%
145Brustbieter
0%
219Buntkörper
0%
223Chemiekraft
0%
243Dampfantrieb
0%
213Dauerschlaf
0%
088Download
0%
263Drachenkiefer
0%
165Dufthülle
0%
001Duftnote
0%
268Duftschwade
0%
265Dunkles Wiehern
0%
280Dynamo
0%
246Eisflügelstaub
0%
206Elektrohaut
0%
084Entlastung
0%
301 | 302 | 303 | 304Erinnerungskraft
0%
035Erleuchten
0%
185Familienbande
0%
293Feldherr
0%
006Feuchtigkeit
0%
208Fischschwarm
0%
218Flauschigkeit
0%
007Flexibilität
0%
102Floraschild
0%
132Freundeshut
0%
174Frostschicht
0%
048Frühwecker
0%
299Gastlichkeit
0%
141Gefühlswippe
0%
300Geistiges Auge
0%
143Giftgriff
0%
305Giftkette
0%
310Giftpuppenspiel
0%
020Gleichmut
0%
155Hasenfuß
0%
131Heilherz
0%
258Heißhunger
0%
264Helles Wiehern
0%
251Hemmungslos
0%
247Heranreifen
0%
138Hitzewahn
0%
118Honigmaul
0%
004Kampfpanzer
0%
273Knusperkruste
0%
279Kommantant
0%
212Korrosion
0%
249Kraftquelle
0%
234Kühnes Schwert
0%
261Kuriose Arznei
0%
083Kurzschluss
0%
203Langstrecke
0%
272Läutersalz
0%
197Limitschild
0%
221Lockenkopf
0%
215Magenkrempler
0%
042Magnetfalle
0%
214Majestät
0%
178Megawumme
0%
074Mentalhaut
0%
250Mimese
0%
152Mumie
0%
298Myzelienkraft
0%
075Panzerhaut
0%
142Partikelschutz
0%
257Pastellhülle
0%
122Pflanzengabe
0%
179Pflanzenpelz
0%
231Phantomschutz
0%
204Plätscherstimme
0%
290Profiteur
0%
073Pulverrauch
0%
244Punk Rock
0%
196Quälerei
0%
254Rastlose Seele
0%
222Receiver
0%
096Regulierung
0%
193Reißaus
0%
266 | 267Reitgespann
0%
194Rückzug
0%
021Saugnapf
0%
292Scharfkandig
0%
211Scharwandel
0%
052Scherenmacht
0%
081Schneemantel
0%
119Schnüffler
0%
239Schraubenflosse
0%
129Schwächling
0%
296Schweifrüstung
0%
220Seelenherz
0%
240Spiegelrüstung
0%
027Sporenwirt
0%
252Stählender Wille
0%
200Stahlprofil
0%
242Stahlrückgrat
0%
078Starthilfe
0%
276Steinträger
0%
269Streusaat
0%
278Superwechsel
0%
207Surf-Schweif
0%
306Süßer Nektar
0%
180Symbiose
0%
294Synchronauftritt
0%
216Tänzer
0%
077Taumelschritt
0%
309Teraforming Null
0%
308Tera-Panzer
0%
248Tiefkühlkopf
0%
161Trance-Modus
0%
262Transistor
0%
162Triumphstern
0%
087Trockenheit
0%
055Übereifer
0%
284Unheilsgefäß
0%
253Unheilskörper
0%
260Verborgene Faust
0%
195Verklumpen
0%
183Viscosität
0%
107Vorahnung
0%
108Vorwarnung
0%
275Wachhund
0%
235Wackerer Schild
0%
023Wegsperre
0%
291Wiederkäuer
0%
277Windkraft
0%
274Windreiter
0%
238Wollflaum
0%
147Wunderhaut
0%
241Würggeschoss
0%
201Wutausbruch
0%
271Wutpanzer
0%
100Zeitspiel
0%
233Zerebralmacht
0%
175Zuckerhülle
0%

Verteilung der Resultate

Perzentil nach korrekt beantworteten Fragen

Anzahl Personen mit jedem Resultat

Ihre Resultats-Entwicklung

Sie haben dieses Quiz noch nicht gespielt